000 00606cam a2200217 4500
001 B3274
008 090401t1990 xxu||||| |||| 00| 0 eng d
035 _a(Sirsi) u55047
041 _aeng
050 _a333.337094212
110 _aBaker Harris Saunders
245 _aCity development and market commentary - Spring 1990 -
260 _aLondon
_bBaker Harris Saunders
_c1990-
350 _a0
520 _aPublished twice a year. - Spring 1990 entitled City Development Commentary.
650 _aCITY OF LONDON
650 _aFLOORSPACE
650 _aOFFICES
942 _n0
948 _c04/03/1997
999 _c93546
_d93546